Quality : (Record no. 347849)
[ view plain ]
| 000 -LEADER | |
|---|---|
| fixed length control field | 00653 a2200193 4500 |
| 020 ## - INTERNATIONAL STANDARD BOOK NUMBER | |
| International Standard Book Number | 0712656677 (paperback) |
| 020 ## - INTERNATIONAL STANDARD BOOK NUMBER | |
| International Standard Book Number | 9780712656672 (paperback) |
| 090 ## - LOCALLY ASSIGNED LC-TYPE CALL NUMBER (OCLC); LOCAL CALL NUMBER (RLIN) | |
| -- | 5441 |
| -- | 5441 |
| 100 1# - MAIN ENTRY--PERSONAL NAME | |
| Personal name | Taylor, Lynda King. |
| 245 10 - TITLE STATEMENT | |
| Title | Quality : |
| Remainder of title | total customer service / |
| Statement of responsibility, etc. | Lynda King Taylor. |
| 250 ## - EDITION STATEMENT | |
| Edition statement | New Ed ed. |
| 260 ## - PUBLICATION, DISTRIBUTION, ETC. | |
| Place of publication, distribution, etc. | [S.l.] : |
| Name of publisher, distributor, etc. | Random House Business Books, |
| Date of publication, distribution, etc. | 1993. |
| 300 ## - PHYSICAL DESCRIPTION | |
| Extent | 290 p. ; |
| Dimensions | 24 cm. |
| 490 1# - SERIES STATEMENT | |
| Series statement | " sunday times " business skills. |
| 500 ## - GENERAL NOTE | |
| General note | Import. |
| 830 #0 - SERIES ADDED ENTRY--UNIFORM TITLE | |
| Uniform title | " sunday times " business skills. |
| 856 40 - ELECTRONIC LOCATION AND ACCESS | |
| Materials specified | Amazon.com |
| Uniform Resource Identifier | <a href="http://www.amazon.com/exec/obidos/ASIN/0712656677/chopaconline-20">http://www.amazon.com/exec/obidos/ASIN/0712656677/chopaconline-20</a> |
| 942 ## - ADDED ENTRY ELEMENTS (KOHA) | |
| Institution code [OBSOLETE] | NBS |
| Koha item type | Book |
| Call number prefix | 658.4013 TAY |
| Withdrawn status | Lost status | Damaged status | Not for loan | Permanent Location | Current Location | Date acquired | Total Checkouts | Full call number | Barcode | Date last seen | Price effective from | Koha item type |
|---|---|---|---|---|---|---|---|---|---|---|---|---|
| Central Library (CL) | Central Library (CL) | 08/28/2013 | 658.4013 TAY | NBS1866 | 08/28/2013 | 08/28/2013 | Book | |||||
| Central Library (CL) | Central Library (CL) | 08/28/2013 | 658.4013 TAY | NBS1865 | 08/28/2013 | 08/28/2013 | Book |
